Optimalizácia membránovej separácie pri výrobe biometánu s využitím genetického algoritmu

Saved in:
Bibliographic Details
Main Author: Mikuláš, Jozef (Author)
Other Authors: Mihaľ, Mário (Thesis advisor)
Format: Manuscript Book
Language:Slovak
Published: 2025
Subjects:
Online Access:http://is.stuba.sk/zp/portal_zp.pl?podrobnosti=168775
Tags: Add Tag
No Tags, Be the first to tag this record!

MARC

LEADER 00000ntm a22000003a 4500
001 stuzp105082
003 SK-STU
005 20250628212337.6
007 ta
008 150427s2015----xo-----f-mn---000-0-slo-d
040 |a STU  |b slo 
041 0 |a slo 
100 1 |a Mikuláš, Jozef  |u 046230  |4 aut  |U FCHPT Ústav chemického a environmentálneho inžinierstva  |T FCHPT Oddelenie chemického a biochemického inžinierstva  |X 116035  |U C6230  |Y 119  |7 116035 
242 0 1 |a Optimization of membrane separation in biomethane production using genetic algorithm  |y eng 
245 1 0 |a Optimalizácia membránovej separácie pri výrobe biometánu s využitím genetického algoritmu 
260 |c 2025 
650 4 |a bioplyn  |2 slo 
650 4 |a separácia  |2 slo 
650 4 |a vodná membrána  |2 slo 
650 4 |a matematický model  |2 slo 
650 4 |a citlivostná analýza  |2 slo 
650 4 |a genetický algoritmus  |2 slo 
650 4 |a optimalizácia  |2 slo 
650 4 |a MATLAB  |2 slo 
650 4 |a biogas  |2 eng 
650 4 |a separation  |2 eng 
650 4 |a water membrane  |2 eng 
650 4 |a mathematical model  |2 eng 
650 4 |a sensitivity analysis  |2 eng 
650 4 |a genetic algorithm  |2 eng 
650 4 |a optimization  |2 eng 
650 4 |a MATLAB  |2 eng 
700 1 |a Mihaľ, Mário  |u 046230  |k Z1  |4 ths  |U FCHPT Ústav chemického a environmentálneho inžinierstva  |T FCHPT Oddelenie chemického a biochemického inžinierstva  |X 21569  |U C6230  |Y 119  |7 A0000021569 
856 4 |u http://is.stuba.sk/zp/portal_zp.pl?podrobnosti=168775